| 000 | 00975cam a2200301 i 4500 | ||
|---|---|---|---|
| 001 | 200453483 | ||
| 003 | TR-AnTOB | ||
| 005 | 20250730163944.0 | ||
| 007 | ta | ||
| 008 | 830226t20152015pk o 000 0 eng d | ||
| 020 | _a9781904722625 | ||
| 040 |
_aDLC _beng _erda _cDLC _dNLGGC _dBTCTA _dLVB _dYDXCP _dOCLCG _dBGZ _dTR-AnTOB |
||
| 041 | 0 | _aeng | |
| 050 | 4 |
_aDS377 _b.A4566 2015 |
|
| 090 |
_aDS377 _b.A4566 2015 |
||
| 100 | 1 |
_aAmin, Mohamed, _d1943-1996 _eauthor _9142392 |
|
| 245 | 1 | 0 |
_aJourney through Pakistan / _cMohamed Amin [and three others]. |
| 250 | _aThirteenth impression (Revised) 2015 | ||
| 264 | 1 |
_a[Place of publication not identified] : _bLiberty Publishing, _c2015. |
|
| 264 | 4 | _c©2015 | |
| 300 |
_a245 pages : _bphotographs ; _c32 cm |
||
| 336 |
_atext _btxt _2rdacontent |
||
| 337 |
_aunmediated _bn _2rdamedia |
||
| 338 |
_avolume _bnc _2rdacarrier |
||
| 651 | 0 |
_aPakistan _xDescription and travel _9142393 |
|
| 942 |
_2lcc _cBK |
||
| 999 |
_c200453483 _d71695 |
||